书目信息 |
| 题名: |
人力资本与城市经济增长
|
|
| 作者: | 白联磊, 著 | |
| 分册: | ||
| 出版信息: | 长春 吉林出版集团股份有限公司 2016.04 |
|
| 页数: | 200页 | |
| 开本: | 23cm | |
| 丛书名: | ||
| 单 册: | ||
| 中图分类: | D631.42 | |
| 科图分类: | ||
| 主题词: | 户籍制度--hu ji zhi du--影响--城市经济--经济增长--研究--中国 | |
| 电子资源: | ||
| ISBN: | 978-7-5534-9795-2 | |
| 000 | 01315nam0 2200289 450 | |
| 001 | 0100195212 | |
| 005 | 20201116111314.82 | |
| 010 | @a978-7-5534-9795-2@dCNY56.00 | |
| 100 | @a20160412d2016 em y0chiy50 ea | |
| 101 | 0 | @achi |
| 102 | @aCN@b220000 | |
| 105 | @aak a 000yy | |
| 106 | @ar | |
| 200 | 1 | @a人力资本与城市经济增长@Aren li zi ben yu cheng shi jing ji zeng zhang@e户籍制度对中国城市经济增长影响研究@f白联磊著@Fbai lian lei zhu |
| 210 | @a长春@c吉林出版集团股份有限公司@d2016.04 | |
| 215 | @a200页@c图@d23cm | |
| 314 | @a白联磊, 男, 1986年生于河北深州, 先后毕业于四川大学、中国社会科学院研究生院, 获法学学士、硕士和经济学博士学位。现供职于中国国际问题研究院。 | |
| 320 | @a有书目 (第190-198页) | |
| 330 | @a本书尝试弥补既有文献的若干不足之处, 构建了包含人力资本筛选机制和收入不平等机制在内的户籍歧视影响城市经济增长的分析框架, 同时在分析过程中考虑了城市人口规模收益和拥挤效应等因素。 | |
| 517 | 1 | @a户籍制度对中国城市经济增长影响研究@Ahu ji zhi du dui zhong guo cheng shi jing ji zeng zhang ying xiang yan jiu |
| 540 | @a人力资本与城市经济增长 | |
| 606 | 0 | @a户籍制度@Ahu ji zhi du@x影响@x城市经济@x经济增长@x研究@y中国 |
| 690 | @aD631.42@v5 | |
| 701 | 0 | @a白联磊,@Abai lian lei@f1986-@4著 |
| 801 | @aCN | |
| 901 | @a19 | |
| 905 | @a河南城建学院图书馆@b1274535-7@dD631.42@eB123@f3 | |
| 人力资本与城市经济增长:户籍制度对中国城市经济增长影响研究/白联磊著.-长春:吉林出版集团股份有限公司,2016.04 |
| 200页:图;23cm |
| ISBN 978-7-5534-9795-2:CNY56.00 |
| 本书尝试弥补既有文献的若干不足之处, 构建了包含人力资本筛选机制和收入不平等机制在内的户籍歧视影响城市经济增长的分析框架, 同时在分析过程中考虑了城市人口规模收益和拥挤效应等因素。 |
| ● |
| 相关链接 |
|
|
|
正题名:人力资本与城市经济增长
索取号:D631.42/B123
 
预约/预借
| 序号 | 登录号 | 条形码 | 馆藏地/架位号 | 状态 | 备注 |
| 1 | 1274535 | 212745355 | 社科库509/509社科库 74排6列5层/ [索取号:D631.42/B123] | 在馆 | |
| 2 | 1274536 | 212745362 | 社科库509/509社科库 74排6列5层/ [索取号:D631.42/B123] | 在馆 | |
| 3 | 1274537 | 212745379 | 社科库509/509社科库 74排6列5层/ [索取号:D631.42/B123] | 在馆 |